000
00304nam a2200133Ia 4500
100
_a
Mody/S. M.
942
_c
BK
654
_a
Total Quality Management
245
_a
Total Quality Management & Purchasing
260
_b
National Centre
_a
Bombay
_c
1991
300
_a
24
546
_a
ENGLISH
999
_c
21048
_d
21048